000 00472nam a2200193Ia 4500
003 OSt
005 20221005133133.0
006 a|||||r|||| 00| 0
007 ta
008 221004b |||||||| |||| 00| 0 eng d
024 _a113149
037 _cTextual
040 _aCRL
_cCRL
_beng
041 _2eng
_aeng
100 _aGoswami Tulsi Das
_9642113
245 0 _aVinay Patrika Viyogi Hari edi
942 _cTEXL
_2cc
999 _c1065843
_d1065843